Contemporary feminist theories
Saved in:
| Other Authors: | , |
|---|---|
| Format: | Book |
| Language: | English |
| Published: |
Edinburgh :
Edinburgh University Press,
c1998
|
| Subjects: | |
| Tags: |
Add Tag
No Tags, Be the first to tag this record!
|
MARC
| LEADER | 00000nam a2200000 i 4500 | ||
|---|---|---|---|
| 001 | 1/98120 | ||
| 008 | 081125s1998 eng d | ||
| 020 | |a 0-7486-0689-0 (pbk.) | ||
| 035 | |l 10101974 | ||
| 040 | |a GR-MY-UA |b gre |e aacr | ||
| 041 | 0 | |a eng | |
| 082 | 0 | |a 305.4201 |2 (22) | |
| 245 | 1 | 0 | |a Contemporary feminist theories / |c edited by Stevi Jackson and Jackie Jones |
| 260 | |a Edinburgh : |b Edinburgh University Press, |c c1998 | ||
| 300 | |a vi, 271 σ.; |c 24 εκ. | ||
| 504 | |a Περιέχει βιβλιογραφικές παραπομπές και ευρετήρια | ||
| 650 | 0 | 0 | |a Feminist theory. |
| 700 | 1 | |a Jackson, Stevi. |4 edt | |
| 700 | 1 | |a Jones, Jackie |d 1964- |4 edt | |
| 852 | |a INST |b LESVOS |e 20081125 |h 305.4201 CON |p 005100043551 |q 005100043551 |t BK |y 0 | ||
| 901 | |a BIBL1-2008-3 | ||
| 909 | |a Λ |b 157335 | ||
| 920 | |a ΕΠΕΑΕΚ ΠΜΣ ΓΥΝΑΙΚΕΣ ΚΑΙ ΦΥΛΑ |y ΛΕΣΒΟΣ |z 2008-09 | ||
| 970 | |a ΚΑΡΑ |b ΓΙΑΣΕΜΗ |z 2008/11/25 | ||